00930nam a22002177a 450000100060000000300080000600500170001400800410003103500190007204000350009104100080012608200320013410000180016624501250018426001130030930000390042250201200046150400360058165000640061770000310068182826BD-RjUL20240128172714.0240128s1967 bg a|||| m||| 00| 0 eng d a(BD-RjUL)82826 aBD-RjULbengcBD-RjULdBD-RjUL aeng 223a332.456095492bMAE 1967 aMandal, M. S.10aEconomic development and exchange-rate policy : bTheory and experience /cby M. S. Mandal ;6Supervisor : R. A. Mundell aRajshahi :bDepartment of Political Science and Economics, Rajshahi University, East Bengal (Pakistan)c1967 axvii, 500 leaves :bill, ;c29.cm. aThesis (Ph. D.) -- Department of Political Science and Economics, Rajshahi University, East Bengal (Pakistan), 1967 aBibliography : Leaves 465 - 490 aExchange-ratexFinancial economics)zEast Bengal (Pakistan) aMundell, R. A. Supervisor